Conferences and conventions <a> global industry

Guardado en:
Detalles Bibliográficos
Autor principal: Rogers, Tony
Formato: Libro
Lenguaje:inglés
Publicado: Abingdon Routledge/Taylor & Francis Group 2013
Edición:3rd ed.
Materias:
Etiquetas: Agregar Etiqueta
Sin Etiquetas, Sea el primero en etiquetar este registro!

MARC

LEADER 00000nam a2200000 4500
001 0222918
005 20240312115512.0
020 |a 978-0-415-52669-2 
041 0 |a eng 
044 |a GB 
245 1 0 |a Conferences and conventions  |b <a> global industry  |c Tony Rogers 
250 |a 3rd ed. 
264 1 |a Abingdon  |b Routledge/Taylor & Francis Group  |c 2013 
300 |a xvi, 422 s. 
610 2 0 |a konferencie 
610 2 0 |a priemysel 
610 2 0 |a ubytovanie 
610 2 0 |a hotely 
610 2 0 |a plánovanie 
610 2 0 |a marketing 
610 2 0 |a event marketing 
610 2 0 |a manažment 
610 2 0 |a štúdie prípadové 
100 1 |a Rogers, Tony